000
00277nam a2200109Ia 4500
008
230907s9999||||xx |||||||||||||| ||und||
082
_a
363.736
_b
PHY
245
0
_a
Phytoremediation for green energy /
260
_a
Springer,
_b
New York :
_c
2015
300
_a
191 p.
942
_c
BK
999
_c
601506
_d
601506